Biggest Cities in Trinidad and Tobago on a Map - Statistics

General Stats
  • This quiz has been taken 91 times
  • The average score is 8 of 20
Answers on the Map
Answers color-coded by a green-red scale on the quiz's map according to % correct below.
 
Answer Stats
Population City / town % Correct
81,142 Port of Spain
100%
101,297 Chaguanas
67%
82,997 San Fernando
62%
17,537 Scarborough
60%
65,623 Arima
57%
29,579 Point Fortin
50%
25,370 Diego Martin
48%
15,752 San Juan
47%
48,858 Couva
45%
13,860 Penal
45%
20,630 Sangre Grande
45%
28,335 Princes Town
36%
14,535 Siparia
36%
16,626 Tunapuna
34%
14,436 Claxton Bay
24%
16,426 Gasparillo
22%
12,327 Valencia
22%
11,850 Freeport
16%
17,591 Morvant
10%
13,099 Fyzabad
7%
No matching quizzes found
Score Distribution
Percent of People with Each Score
Percentile by Number Answered
Your Score History
You have not taken this quiz